Ground truth : the social implications of geographic information systems
Αποθηκεύτηκε σε:
| Άλλοι συγγραφείς: | |
|---|---|
| Μορφή: | Βιβλίο |
| Γλώσσα: | English |
| Δημοσίευση: |
New York :
The Guilford Press,
c1995
|
| Σειρά: | Mappings
|
| Θέματα: | |
| Ετικέτες: |
Προσθήκη ετικέτας
Δεν υπάρχουν, Καταχωρήστε ετικέτα πρώτοι!
|
MARC
| LEADER | 00000nam a2200000 i 4500 | ||
|---|---|---|---|
| 001 | 1/88430 | ||
| 008 | 990824s1995 eng d | ||
| 020 | |a 0-89862-295-6 | ||
| 035 | |l 10052535 | ||
| 040 | |a GR-MY-UA |b gre |e aacr | ||
| 041 | 0 | |a eng | |
| 082 | 0 | |a 910 | |
| 245 | 1 | 0 | |a Ground truth : |b the social implications of geographic information systems / |c Edited by John Pickles |
| 260 | |a New York : |b The Guilford Press, |c c1995 | ||
| 300 | |a 248 p. |b fig. | ||
| 490 | 1 | |a Mappings | |
| 504 | |a Includes bibliographical references and index | ||
| 650 | 0 | 0 | |a Geographic information systems. |
| 700 | 1 | |a Pickles, John. |4 edt | |
| 830 | 0 | |a Mappings | |
| 852 | |a INST |b LESVOS |e 19990824 |h 910 GRO |p 005100019694 |q 005100019694 |t BK |y 0 | ||
| 901 | |a BIBL1-1999-2 | ||
| 909 | |a Λ |b 063542 | ||
| 922 | |a 1ΕΛΗ |b 199901 |c ΚΠΣ/ΤΓ |d LEADER | ||
| 950 | |a 118-1998-10-19 | ||
| 970 | |a ΜΟΥΣΤΑΚΑ |b ΠΗΝΕΛΟΠΗ |z 1999/08/28 | ||